Statistics for Atletico Madrid Squad 2016-2017

Click here to take the quiz!

General Stats

  • This quiz has been taken 400 times
    (331 since last reset)
  • The average score is 18 of 24

Answer Stats

NbrPostNationalityPlayer% Correct
2DFUruguayDiego Godin
98%
13GKSloveniaJan Oblak
98%
7FWFranceAntoine Griezmann
96%
6MFSpainKoke
96%
8MFSpainSaul Niguez
91%
10MFBelgiumYannick Carrasco
89%
3DFBrazilFilipe Luis
88%
15DFMontenegroStefan Savic
88%
14MFSpainGabi
87%
24DFUruguayJosé Giménez
87%
-CoachArgentinaDiego Simeone
85%
22MFGhanaThomas Partey
82%
11FWArgentinaAngel Correa
81%
9FWSpainFernando Torres
80%
20DFSpainJuanfran
74%
5MFPortugalTiago Mendes
72%
1GKSpainAngel Moya
68%
21FWFranceKevin Gameiro
67%
19DFFranceLucas Hernandez
61%
16DFCroatiaSime Vrsaljko
60%
12MFArgentinaAugusto Fernández
42%
23MFArgentinaNicolas Gaitan
36%
17MFItalyAlessio Cerci
33%
25GKPortugalAndré Moreira
17%

Score Distribution

Percentile by Number Answered

Percent of People with Each Score

Your Score History

You have not taken this quiz since the last reset